MARC

LEADER 00000nam0a2200000 4500
001 254689
005 20231101232946.0
035 |a (RuTPU)RU\TPU\book\277177 
090 |a 254689 
100 |a 20140324d1987 m y0rusy50 ca 
101 0 |a rus 
102 |a RU 
105 |a y z 000ay 
200 1 |a Приют одержимых  |e повесть  |f А. А. Малышев  |g под ред. С. Н. Стяжкиной 
210 |a Ставрополь  |c Ставропольское кн. изд-во  |d 1987 
215 |a 206 
606 1 |a Русская литература современная  |2 stltpush  |3 (RuTPU)RU\TPU\subj\26373  |9 50316 
610 1 |a художественная литература 
610 1 |a повести 
610 1 |a природа 
610 1 |a натуралисты 
610 1 |a леса 
610 1 |a горы 
610 1 |a заповедники 
675 |a Р2  |v 3 
700 1 |a Малышев  |b А. А.  |g Алексей Александрович  |4 070 
702 1 |a Стяжкина  |b С. Н.  |4 340 
801 1 |a RU  |b 63413507  |c 20140324 
801 2 |a RU  |b 63413507  |c 20210930  |g RCR 
942 |c BK